Inazuma Eleven GO: Joueurs de Raimon - Statistiques

Statistiques générales
  • Ce quiz a été pris 580 fois
  • Le résultat moyen est 13 sur 17
Statistiques - réponses
Hint Réponse % Correct
Milieu (Gardien), Capitaine Arion Sherwind
99%
Gardien, Défenseur JP Lapin
97%
Milieu (attaquant), Ex-capitaine Riccardo Di Rigo
97%
Attaquant Victor Blade
96%
Défenseur (Milieu) Gabriel Garcia
94%
Gardien Samguk Han
88%
Défenseur Aitor Cazador
82%
Attaquant Michael Ballzack
81%
Défenseur Wanli Changcheng
78%
Milieu Adé Kébé
77%
Milieu Eugène Peabody
77%
Ancien Joueur (Mers Lunaires), attaquant Doug McArthur
76%
Défenseur Subaru Honda
75%
Attaquant Lucien Dark
74%
Milieu (attaquant) Ryoma Nishiki
71%
Milieu Hugues Baudet
45%
Milieu Shunsuke Aoyama
40%
Aucun quiz correspondant
Distribution des résultats
% des personnes avec chaque résultat
Percentile par nombre de réponses
Votre historique - résultats
Vous n’avez pas pris ce quiz